| 000 | 00530pam a2200181 a 4500 | ||
|---|---|---|---|
| 020 | _a0065000323 | ||
| 040 | _cDLC | ||
| 082 | 0 | 0 | _a330 HIL 1991 A107 Or. |
| 245 | 0 | 0 | _aStudy guide to accompany Lipsey/Purvis/Steiner Economics and microeconomics and macroeconomics. |
| 250 | _a7th Canadian ed. / | ||
| 260 |
_aNew York, NY : _bHarperCollins, _cc1991. |
||
| 300 |
_avi, 502 p. : _bill. ; _c28 cm. |
||
| 650 | 0 | _aEconomics. | |
| 650 | 0 | _aEconomics | |
| 700 | 1 | _aGrant, E. Kenneth. | |
| 700 | 1 | _aLipsey, Richard G., | |
| 942 | _cEK | ||
| 999 |
_c16591 _d16591 |
||